00907nam a22002777a 45000010005000000030006000050050017000110080041000280200018000690400023000870500015001100820008001251000036001332450047001692500041002162600035002573000023002925050007003155200144003225210018004665210018004846500043005026500034005456500018005796500032005976224FISKH20250401100354.0250401b cb ||||| |||| 00| 0 eng d a9780439916257 aDLCcDLCdDLCbeng aPZ7.M992 S a3031 aMyers, Walter Deand(1937-2014)10aSunrise over Fallujah /cWalter Dean Myers aThis edition first published in 2009 aNew York :bScholastic,c2008. a290 pages :c18 cm aR  aRobin Perry, from Harlem, is sent to Iraq in 2003 as a member of the Civilian Affairs Battalion, and his time there profoundly changes him.8 a780 bLexile 8 aR bRaz-Plus  0aIraq War, 2003-2011vJuvenile fiction. 1aIraq War, 2003-2011vFiction. 1aWarvFiction. 1aAfrican AmericansvFiction.